スイッチバックを行う特急列車 - Statistics

General Stats
  • This quiz has been taken 239 times
  • The average score is 11 of 22
Answer Stats
列車名 % Correct
オホーツク 遠軽
72%
ひだ 岐阜
70%
ソニック 小倉
70%
しらさぎ 米原
65%
こまち 大曲
64%
にちりんシーガイア 小倉
62%
スーパーいなば 上郡
57%
みどり 早岐
57%
ちちぶ 飯能
56%
ふじかわ 富士
55%
まいづる 綾部
53%
九州横断特急 立野
51%
えのしま 藤沢
51%
はまかぜ 姫路
49%
はしだて 宮津
47%
富士回遊 富士山
41%
メトロえのしま 藤沢
33%
ミュースカイ(新可児始発) 犬山
31%
ホームウェイ 藤沢
28%
フジサン特急 富士山
20%
富士山ビュー特急 富士山
16%
たんごリレー 宮津
16%
No matching quizzes found
Score Distribution
Percent of People with Each Score
Percentile by Number Answered
Your Score History
You have not taken this quiz